| 000 | 00408nam a2200181Ia 4500 | ||
|---|---|---|---|
| 005 | 20250603145834.0 | ||
| 008 | 250603s9999 xx 000 0 und d | ||
| 020 | _a0-19-423027-9 | ||
| 050 | _aPZ 7 .C43 B54/ | ||
| 100 | _aChandler, Raymond | ||
| 245 | 4 | _aThe big sleep | |
| 260 | _aOxford | ||
| 260 | _bOxford Universty Press | ||
| 260 | _c2000 | ||
| 300 | _a88 p | ||
| 650 | _aOxford | ||
| 942 | _cBK | ||
| 999 |
_c43009 _d43009 |
||